| 000 | 00626nam a22001817a 4500 | ||
|---|---|---|---|
| 008 | 250403b |||||||| |||| 00| 0 eng d | ||
| 020 | _a9789937160339 | ||
| 082 |
_223rd. _a363.11 _bAd42h |
||
| 100 | 1 | _aAdhikari, Bikash | |
| 245 |
_aA handbook on assessment of occupational safety and health in Nepal / _cBikash Adhikari and Aayush Ojha. |
||
| 260 |
_aDhulikhel : _bCenter for Environmental Safeguards and Occupational Safety. _c2024. |
||
| 300 | _a41p. : ill. | ||
| 500 | _aIncludes references. | ||
| 650 |
_aOccupational safety _910945 |
||
| 650 | _aIndustrial safety. | ||
| 700 | 1 | _aOjha, Aayush | |
| 942 |
_2ddc _cISBN |
||
| 999 |
_c121268 _d121256 |
||